000 00962nam a2200301 i 4500
001 12699
003 ES-MaACL
005 20250811062531.0
007 t|
008 921019s1988 sp ||||0| spa d
016 7 _zCEN920085032
020 _a8470395173
040 _aCEN
_bspa
_cCEN
080 _a860.09"19"
245 0 0 _aLetras españolas 1987 /
_cFrancisco Abad Nebot... [et al. ].
260 _aMadrid :
_bCastalia :
_bMinisterio de Cultura,
_cD.L. 1988.
300 _a290 p. ;
_c24 cm.
490 1 _aLiteratura y sociedad ;
_v44
500 _aIndice.
504 _aBibliografía : p. 253-279.
650 4 _aLiteratura española-
_yS.XX-
_xHistoria y crítica.
_9141686
700 1 _aAbad Nebot, Francisco,
_d1948-
_917931
710 1 _aEspaña.
_bMinisterio de Cultura
_93850
830 0 _aLiteratura y sociedad (Madrid) ;
_v44
_9179352
852 _aES-MaACL
_jL-20013
_bR.115698
942 _2udc
999 _c12699
_d12699